| 000 | 00505cam a22002051 4500 | ||
|---|---|---|---|
| 001 | he 68003940 | ||
| 003 | DLC | ||
| 005 | 20260227111507.0 | ||
| 008 | 861205s1967 is 000 0 rum | ||
| 010 | _ahe 68003940 | ||
| 025 | _aPL480:Is-6300 | ||
| 035 | _a(OCoLC)14928259 | ||
| 040 |
_aDLC _cCLU _dDLC |
||
| 042 | _apremarc | ||
| 050 | 0 | 0 |
_aPC840.28.O8 _bC5 |
| 100 | 1 | _aRosen, Theodor. | |
| 245 | 1 | 0 | _aCîntece din Neghev. |
| 260 |
_a[Tel Aviv] _bV. Montaureanu, _c1967. |
||
| 300 |
_a77 p. _c17 cm. |
||
| 999 |
_c34024 _d34024 |
||